The everyday life reader / (Record no. 610276)

MARC details
000 -LEADER
fixed length control field 00759nam a2200205 a 4500
008 - FIXED-LENGTH DATA ELEMENTS--GENERAL INFORMATION
fixed length control field 260205s2026##################000#0#eng##
020 ## - INTERNATIONAL STANDARD BOOK NUMBER
ISBN 9780415230247
Paper back/Hardbound hbk.
082 04 - DEWEY DECIMAL CLASSIFICATION NUMBER
Classification number 306
Item number HIG
245 10 - TITLE STATEMENT
Title The everyday life reader /
Statement of responsibility, etc edited by Ben Highmore.
260 ## - PUBLICATION, DISTRIBUTION, ETC. (IMPRINT)
Place of publication London :
Name of publisher Routledge;
Year of publication 2002.
300 ## - PHYSICAL DESCRIPTION
Number of Pages xvi, 373 p. ;
Dimensions 22 cm.
504 ## - BIBLIOGRAPHY, ETC. NOTE
Bibliography, etc Includes bibliographies and index
520 ## - SUMMARY, ETC.
Summary, etc The Everyday Life Reader brings together thinkers ranging from Freud to Baudrillard with primary sources. It thus provides a complete and comprehensive resource on theories of everyday life. - Amazon.
650 ## - SUBJECT ADDED ENTRY--TOPICAL TERM
Topical Term Life.
Topical Term Civilization, Modern - 20th century.
Topical Term Culture - Philosophy.
700 ## - ADDED ENTRY--PERSONAL NAME
Personal name Highmore, Ben.
942 ## - ADDED ENTRY ELEMENTS (KOHA)
Koha item type Reference
Holdings
Withdrawn status Lost status Damaged status Not for loan Home library Current library Shelving location Date acquired Full call number Accession Number Price effective from Koha item type
        Anna Centenary Library Anna Centenary Library 3RD FLOOR, B WING 17.08.2010 306 HIG 120947 17.08.2010 Reference

Find us on the map